01678nam a22003017a 4500003000900000008004100009040007100050082002400121110007400145245010800219260003200327300005500359440007600414505057100490650002001061650002701081650002301108650001901131650002201150650002201172650001601194700001601210700001801226700002001244700003001264700002701294710005501321AR-CdUCM190425b ||||| |||| 00| 0 spa d aMUNICIPALIDAD PROVINCIAL DEL CUSCOcBIBLIOTECA MUNICIPAL DEL CUSCO aRev.DIMA/N°20/1963 aInstituto y Museo Arqueológico de la Universidad Nacional del Cuzco aRevista del Museo e Instituto Arqueológico /cLuis A. Pardo, director, Universidad Nacional del Cuzco aCusco :bH.G. Rozas,c1963. a170 [170] páginas. :b35 ilustraciones ;c21 cm. aRevista del Museo e Instituto Arqueológico.nAño XIII, 1963. N°20. aContenido: Apertura del fardo funerario de Paracas N°27. Luis A. Pardo. -- Las cuatro etapas o épocas históricas en la civilización peruana. Cuneo Vidal. -- La odontología en el incanato. José Iwaki s. -- Arquitectura de las construcciones del grupo de las tres puertas en la ciudadela de Machupichu. Eulogio Cabada H. -- Tercer libro de cabildo de elección de alcaldes y regidores indios y Yanaconas del distrito de San Jerónimo y San Blas, jurisdicción del Cuzco. Jesús M. Covarrubias Pozo. -- Arte de la lengua quichua. Diego de Torres Rubio. aCultura Paracas aCivilización peruana aOdontología Inka aIdioma Quechua aLibro de cabildos aArquitectura Inka aMachupicchu aPardo, Luis aIwaki, José aCabada, Eulogio aCovarrubias Pozo, Jesús aDe Torres Rubio, Diego aUniversidad Nacional de San Antonio Abad del Cusco